00564nam a2200169 4500001000700000003000900007005001700016007000300033008004100036100002800077245004600105260004900151300002100200852003200221999001900253952012200272127341ES-MaACL20230906193009.0t|070214s1971 sp r ||||1| spa d1 aRiaza, Fernando.99668910aTeilhard y el trabajo / cFernando Riaza. aMadrid : b[s.n.], c1971 (fGráf. Guía) a96 p. ; c17 cm. aES-MaACLjC-40839 bR.78844 c127341d127341 00104070aATENEOMbATENEOMcDEPO2d2008-01-17eSCl0oC-40839p1132633r2023-02-23 00:00:00w2023-02-23yMONOGRAFIA